Responsabilidad internacional del Estado y acción del Consejo de Seguridad de las Naciones Unidas / (Record no. 17332)
[ view plain ]
| 000 -LEADER | |
|---|---|
| campo de control de longitud fija | 01040nam a2200265 i 4500 |
| 001 - NÚMERO DE CONTROL | |
| campo de control | 17332 |
| 003 - IDENTIFICADOR DE NÚMERO DE CONTROL | |
| campo de control | ES-MaACL |
| 005 - FECHA Y HORA DE LA ÚLTIMA TRANSACCIÓN | |
| campo de control | 20250831040310.0 |
| 007 - CAMPO FIJO DE DESCRIPCIÓN FÍSICA--INFORMACIÓN GENERAL | |
| campo de control de longitud fija | t| |
| 008 - DATOS DE LONGITUD FIJA--INFORMACIÓN GENERAL | |
| campo de control de longitud fija | 010131s2000 sp ||||1| spa d |
| 020 ## - NÚMERO INTERNACIONAL ESTÁNDAR DEL LIBRO | |
| Número Internacional Estándar del Libro | 84-95265-14-1 |
| 080 ## - NÚMERO DE LA CLASIFICACIÓN DECIMAL UNIVERSAL | |
| Número de la Clasificación Decimal Universal | 341.236.4 |
| 080 ## - NÚMERO DE LA CLASIFICACIÓN DECIMAL UNIVERSAL | |
| Número de la Clasificación Decimal Universal | 341.123.043 |
| 100 1# - ENTRADA PRINCIPAL--NOMBRE DE PERSONA | |
| Nombre de persona | Aznar Gómez, Mariano J. |
| 9 (RLIN) | 24308 |
| 245 10 - MENCIÓN DEL TÍTULO | |
| Título | Responsabilidad internacional del Estado y acción del Consejo de Seguridad de las Naciones Unidas / |
| Mención de responsabilidad, etc. | Mariano J. Aznar Gómez. |
| 260 ## - PUBLICACIÓN, DISTRIBUCIÓN, ETC. | |
| Lugar de publicación, distribución, etc. | Madrid : |
| Nombre del editor, distribuidor, etc. | Ministerio de Asuntos Exteriores, Secretaría General Técnica, |
| Fecha de publicación, distribución, etc. | 2000. |
| 300 ## - DESCRIPCIÓN FÍSICA | |
| Extensión | 260 p. ; |
| Dimensiones | 25 cm. |
| 490 1# - MENCIÓN DE SERIE | |
| Mención de serie | Biblioteca diplomática española. Sección Varios ; |
| Designación de volumen o secuencia | 7 |
| 610 27 - PUNTO DE ACCESO ADICIONAL DE MATERIA--NOMBRE DE ENTIDAD CORPORATIVA | |
| Nombre de entidad corporativa o nombre de jurisdicción como elemento de entrada | Naciones Unidas. |
| Unidad subordinada | Consejo de Seguridad. |
| 9 (RLIN) | 5963 |
| 650 17 - PUNTO DE ACCESO ADICIONAL DE MATERIA--TÉRMINO DE MATERIA | |
| Término de materia o nombre geográfico como elemento de entrada | Responsabilidad del Estado (Derecho internacional) |
| Fuente del encabezamiento o término | embne |
| 9 (RLIN) | 16868 |
| 710 1# - ENTRADA AGREGADA--NOMBRE DE ENTIDAD CORPORATIVA | |
| Nombre de entidad corporativa o nombre de jurisdicción como elemento de entrada | España. |
| Unidad subordinada | Ministerio de Asuntos Exteriores. |
| 9 (RLIN) | 3845 |
| 830 00 - PUNTO DE ACCESO ADICIONAL DE SERIE-TÍTULO UNIFORME | |
| Título uniforme | Biblioteca diplomática española. |
| Nombre de parte o sección de la obra | Varios |
| Designación de volumen o secuencia | 7 |
| 9 (RLIN) | 179529 |
| 852 ## - LOCALIZACIÓN | |
| Ubicación | ES-MaACL |
| Número de control de estantería | L-24254 |
| Sublocalización o colección | R.129222 |
| Estatus retirado | Estado de pérdida | Estado de daño | No para préstamo | Biblioteca de origen | Biblioteca actual | Ubicación en estantería | Fecha de adquisición | Fuente de adquisición | Total de préstamos | Signatura topográfica completa | Código de barras | Visto por última vez | Precio de reemplazo | Tipo de ítem Koha |
|---|---|---|---|---|---|---|---|---|---|---|---|---|---|---|
| Biblioteca del Ateneo de Madrid | Biblioteca del Ateneo de Madrid | Depósito 2 | 17/01/2008 | L-24254 | 1017683 | 23/02/2023 | 23/02/2023 | Libro impreso |
